| 000 | 00377nam a2200133Ia 4500 | ||
|---|---|---|---|
| 008 | 211119s9999||||xx |||||||||||||| ||und|| | ||
| 082 |
_a823 _bADI-W |
||
| 100 | _aAdiga, Aravind | ||
| 245 | 0 | _aWhite Tiger | |
| 260 |
_bHarpercollins _a2008 _cNew Delhi |
||
| 300 | _a321p. | ||
| 650 |
_aEnglish Literature _vEnglish FictionEnglish NovelsGeneralia _xGeneral stack |
||
| 942 | _cBOOK | ||
| 999 |
_c116194 _d116194 |
||